|
|
|
|
| LEADER |
03246nam a22005895i 4500 |
| 001 |
978-3-540-34695-1 |
| 003 |
DE-He213 |
| 005 |
20151204181402.0 |
| 007 |
cr nn 008mamaa |
| 008 |
100301s2006 gw | s |||| 0|eng d |
| 020 |
|
|
|a 9783540346951
|9 978-3-540-34695-1
|
| 024 |
7 |
|
|a 10.1007/11767954
|2 doi
|
| 040 |
|
|
|d GrThAP
|
| 050 |
|
4 |
|a QA76.9.A73
|
| 050 |
|
4 |
|a QA76.9.S88
|
| 072 |
|
7 |
|a UYD
|2 bicssc
|
| 072 |
|
7 |
|a COM032000
|2 bisacsh
|
| 072 |
|
7 |
|a COM067000
|2 bisacsh
|
| 082 |
0 |
4 |
|a 003.3
|2 23
|
| 245 |
1 |
0 |
|a Coordination Models and Languages
|h [electronic resource] :
|b 8th International Conference, COORDINATION 2006, Bologna, Italy, June 14-16, 2006. Proceedings /
|c edited by Paolo Ciancarini, Herbert Wiklicky.
|
| 264 |
|
1 |
|a Berlin, Heidelberg :
|b Springer Berlin Heidelberg,
|c 2006.
|
| 300 |
|
|
|a VIII, 299 p.
|b online resource.
|
| 336 |
|
|
|a text
|b txt
|2 rdacontent
|
| 337 |
|
|
|a computer
|b c
|2 rdamedia
|
| 338 |
|
|
|a online resource
|b cr
|2 rdacarrier
|
| 347 |
|
|
|a text file
|b PDF
|2 rda
|
| 490 |
1 |
|
|a Lecture Notes in Computer Science,
|x 0302-9743 ;
|v 4038
|
| 505 |
0 |
|
|a Stochastic Reasoning About Channel-Based Component Connectors -- Atomic Commit and Negotiation in Service Oriented Computing -- Synthesizing Concurrency Control Components from Process Algebraic Specifications -- Automated Evaluation of Coordination Approaches -- Choreography and Orchestration Conformance for System Design -- Workflow Patterns in Orc -- Evolution On-the-Fly with Paradigm -- Formalising Business Process Execution with Bigraphs and Reactive XML -- Enabling Ubiquitous Coordination Using Application Sessions -- A WSDL-Based Type System for WS-BPEL -- Managing Ad-Hoc Networks Through the Formal Specification of Service Requirements -- A Logical View of Choreography -- Using Lime to Support Replication for Availability in Mobile Ad Hoc Networks -- Coordinating Computation with Communication -- Distributed Workflow upon Linkable Coordination Artifacts -- Actors, Roles and Coordinators — A Coordination Model for Open Distributed and Embedded Systems -- Tuple Space Coordination Across Space and Time -- Compositional Semantics of an Actor-Based Language Using Constraint Automata.
|
| 650 |
|
0 |
|a Computer science.
|
| 650 |
|
0 |
|a Special purpose computers.
|
| 650 |
|
0 |
|a Architecture, Computer.
|
| 650 |
|
0 |
|a Computer programming.
|
| 650 |
|
0 |
|a Software engineering.
|
| 650 |
|
0 |
|a Programming languages (Electronic computers).
|
| 650 |
|
0 |
|a Computers.
|
| 650 |
1 |
4 |
|a Computer Science.
|
| 650 |
2 |
4 |
|a Computer System Implementation.
|
| 650 |
2 |
4 |
|a Programming Languages, Compilers, Interpreters.
|
| 650 |
2 |
4 |
|a Software Engineering.
|
| 650 |
2 |
4 |
|a Special Purpose and Application-Based Systems.
|
| 650 |
2 |
4 |
|a Programming Techniques.
|
| 650 |
2 |
4 |
|a Computation by Abstract Devices.
|
| 700 |
1 |
|
|a Ciancarini, Paolo.
|e editor.
|
| 700 |
1 |
|
|a Wiklicky, Herbert.
|e editor.
|
| 710 |
2 |
|
|a SpringerLink (Online service)
|
| 773 |
0 |
|
|t Springer eBooks
|
| 776 |
0 |
8 |
|i Printed edition:
|z 9783540346944
|
| 830 |
|
0 |
|a Lecture Notes in Computer Science,
|x 0302-9743 ;
|v 4038
|
| 856 |
4 |
0 |
|u http://dx.doi.org/10.1007/11767954
|z Full Text via HEAL-Link
|
| 912 |
|
|
|a ZDB-2-SCS
|
| 912 |
|
|
|a ZDB-2-LNC
|
| 950 |
|
|
|a Computer Science (Springer-11645)
|